| 000 | 00597nam a22002177a 4500 | ||
|---|---|---|---|
| 999 |
_c7898 _d7898 |
||
| 003 | OSt | ||
| 005 | 20220718123944.0 | ||
| 008 | 220718b ||||| |||| 00| 0 eng d | ||
| 020 | _a978-0-230-200052-4 | ||
| 040 | _cDDC | ||
| 082 | _a658.7 | ||
| 100 |
_aDONALD WATERS _916046 |
||
| 245 |
_aSUPPLY CHAIN MANAGEMENT _bAN INTRODUCTION TO LOGISTICS |
||
| 250 | _a2END ED | ||
| 260 |
_aNEW YORK _bPALGRAVE MACMILLAN _c2009 |
||
| 300 |
_aXXVI,511P: _bILL _c24.5 |
||
| 504 | _aINCLUDES GLOSSARY AND INDEX | ||
| 650 |
_aLOGISTICS _97242 |
||
| 650 |
_aSUPPLY CHAIN MANAGEMENT _95505 |
||
| 942 |
_2ddc _cBOOK |
||